Tribhuvan University Central Library
Normal view MARC view
  • Phthalocyanins

Entry Topical Term

Number of records used in: 1

001 - CONTROL NUMBER

  • control field: 9638

003 - CONTROL NUMBER IDENTIFIER

  • control field: OSt

005 - DATE AND TIME OF LATEST TRANSACTION

  • control field: 20110109142211.0

008 - FIXED-LENGTH DATA ELEMENTS

  • fixed length control field: 110109|||a|||||| | ||| d

040 ## - CATALOGING SOURCE

  • Original cataloging agency: OSt
  • Transcribing agency: OSt

150 ## - HEADING--TOPICAL TERM

  • Topical term or geographic name as entry element: Phthalocyanins

670 ## - SOURCE DATA FOUND

  • Source citation: Work cat.: (OSt): Berezin, B D 9636, Coordination compounds of porphyrins and phthalocyanines, [c1981]

670 ## - SOURCE DATA FOUND

  • Source citation: Work cat.: (OSt): Berezin, B D 9636, Coordination compounds of porphyrins and phthalocyanines, [c1981]